Microcomputadores en ingeniería estructural

Uloženo v:
Podrobná bibliografie
Hlavní autor: Uribe Escamilla, Jairo
Médium: Kniha
Jazyk:Spanish
Vydáno: Santafé de Bogotá : Ecoe Ediciones 1995
Témata:
Tagy: Přidat tag
Žádné tagy, Buďte první, kdo vytvoří štítek k tomuto záznamu!

MARC

LEADER 00000nam a2200000Ia 4500
003 L000763
005 20221231144013.0
008 140114s1995 ck a 000 ||spa d
040 |c cru CEDI 
082 |a 624.17 U76m 
100 |a Uribe Escamilla, Jairo  |9 18919 
245 |a Microcomputadores en ingeniería estructural 
260 |a Santafé de Bogotá : Ecoe Ediciones  |c 1995 
300 |a 622 páginas ; ilustraciones  
650 |x TEORIA DE LAS ESTRUCTURAS  |x ANALISIS ESTRUCTURAL (INGENIERIA) - METODOS MATRICIALES  |9 20617 
942 |2 ddc  |c BK 
999 |c 15485  |d 15485